Jornadas sobre el aceite de oliva (Record no. 197249)
[ view plain ]
| 000 -LEADER | |
|---|---|
| campo de control de longitud fija | 03515nim a2200577 i 4500 |
| 001 - NÚMERO DE CONTROL | |
| campo de control | 197249 |
| 003 - IDENTIFICADOR DE NÚMERO DE CONTROL | |
| campo de control | ES-MaACL |
| 005 - FECHA Y HORA DE LA ÚLTIMA TRANSACCIÓN | |
| campo de control | 20250828062608.0 |
| 007 - CAMPO FIJO DE DESCRIPCIÓN FÍSICA--INFORMACIÓN GENERAL | |
| campo de control de longitud fija | ss lsnjlcipnne |
| 008 - DATOS DE LONGITUD FIJA--INFORMACIÓN GENERAL | |
| campo de control de longitud fija | 250424s1990 sp nnnn |||| 00| spa d |
| 040 ## - FUENTE DE CATALOGACIÓN | |
| Lengua de catalogación | spa |
| Centro/agencia transcriptor | ES-MaACL |
| 245 00 - MENCIÓN DEL TÍTULO | |
| Título | Jornadas sobre el aceite de oliva |
| Medio | [Grabación sonora] : |
| Resto del título | conferencias. |
| 260 ## - PUBLICACIÓN, DISTRIBUCIÓN, ETC. | |
| Lugar de publicación, distribución, etc. | Madrid : |
| Nombre del editor, distribuidor, etc. | Ateneo de Madrid, |
| Fecha de publicación, distribución, etc. | 1990. |
| 300 ## - DESCRIPCIÓN FÍSICA | |
| Extensión | 8 casetes (ca. 480 min) : |
| Otras características físicas | son. ; |
| Dimensiones | 11 cm. |
| 490 1# - MENCIÓN DE SERIE | |
| Materiales especificados | Actos culturales en el Ateneo de Madrid |
| 505 ## - NOTA DE CONTENIDO CON FORMATO | |
| Nota de contenido con formato | Cintas 1, 2, 3 y 4 corresponden al día 3 de diciembre de 1990. Incluyen las conferencias: "El aceite de oliva y la comunidad internacional" por Fausto Luchetti, "Avances recientes de la extracción del aceite de oliva" por José Alba Mendoza, "El aceite de oliva, musa substancial" por Sebastián Bautista de la Torre, "El aceite de oliva en la preparación de los alimentos" por Gregorio Varela Mosquera y la mesa redonda titulada "Cocinar con aceite de oliva" con los participantes Lourdes March, Alicia Ríos, Luisa Martínez, Juan Antonio Salcedo y Francisco J. Sánchez Muniz. <br/>Cintas 5, 6, 7 y 8 corresponden al día 4 de diciembre de 1990. Incluyen las conferencias: "Aceite de oliva del Bajo Aragón ¿una nueva denominación de origen", "Generación y seguimiento de una denominación de origen: el caso Baena" por José J. Rodríguez Alcaide, "De lo social en torno al olivar, la aceituna y el aceite de oliva" por Emilio de la Cruz Aguilar, "Valor nutritivo y terapéutico del aceite de oliva" por F. José Mataix Verdu, "Fraudes comerciales del aceite de oliva: antecedentes y problemas que plantea" por Jaime Gracián Tous y "El aceite de oliva y la salud humana" por Francisco Grande Covián. |
| 518 ## - NOTA DE FECHA/HORA Y LUGAR DE UN ACONTECIMIENTO | |
| Nota de fecha/hora y lugar de un acontecimiento | Grabado el 3 y 4 de diciembre de 1990 en el Salón de Actos del Ateneo de Madrid. |
| 520 ## - RESUMEN, ETC. | |
| Sumario, etc. | Jornadas sobre el aceite de oliva. |
| 540 ## - NOTA DE CONDICIONES DE USO Y REPRODUCCIÓN | |
| Condiciones de uso y reproducción | Documento inédito |
| 594 ## - Nota al título y mención de responsabilidad | |
| a | Datos basados en la invitación. |
| 610 20 - PUNTO DE ACCESO ADICIONAL DE MATERIA--NOMBRE DE ENTIDAD CORPORATIVA | |
| Nombre de entidad corporativa o nombre de jurisdicción como elemento de entrada | Ateneo de Madrid- |
| Subdivisión general | Actos culturales- |
| Subdivisión cronológica | 1990- |
| Subdivisión de forma | Grabaciones sonoras |
| 9 (RLIN) | 240083 |
| 650 #4 - PUNTO DE ACCESO ADICIONAL DE MATERIA--TÉRMINO DE MATERIA | |
| 9 (RLIN) | 9580 |
| Término de materia o nombre geográfico como elemento de entrada | Aceite de oliva |
| 653 ## - TÉRMINO DE INDIZACIÓN--NO CONTROLADO | |
| Término no controlado | Archivo de la palabra |
| 655 #0 - TERMINO DE INDIZACIÓN--GENERO/FORMA | |
| Datos o término principal de género/forma | Conferencias |
| 9 (RLIN) | 234444 |
| 700 ## - ENTRADA AGREGADA--NOMBRE PERSONAL | |
| 9 (RLIN) | 240414 |
| Nombre de persona | Luchetti, Fausto |
| Término indicativo de función/relación | Orador |
| 700 1# - ENTRADA AGREGADA--NOMBRE PERSONAL | |
| 9 (RLIN) | 240415 |
| Nombre de persona | Alba Mendoza, José |
| Término indicativo de función/relación | Orador |
| 700 0# - ENTRADA AGREGADA--NOMBRE PERSONAL | |
| 9 (RLIN) | 110759 |
| Nombre de persona | Torre, Sebastián Bautista de la |
| Término indicativo de función/relación | Orador |
| 700 0# - ENTRADA AGREGADA--NOMBRE PERSONAL | |
| 9 (RLIN) | 113168 |
| Nombre de persona | Varela Mosquera, Gregorio |
| Término indicativo de función/relación | Orador |
| 700 1# - ENTRADA AGREGADA--NOMBRE PERSONAL | |
| 9 (RLIN) | 240416 |
| Nombre de persona | Sánchez Muniz, Francisco José |
| Término indicativo de función/relación | Orador |
| 700 ## - ENTRADA AGREGADA--NOMBRE PERSONAL | |
| 9 (RLIN) | 240417 |
| Nombre de persona | Castaño, Rogelio |
| Término indicativo de función/relación | Orador |
| 700 1# - ENTRADA AGREGADA--NOMBRE PERSONAL | |
| 9 (RLIN) | 240418 |
| Nombre de persona | Bonilla Polo, Ángel |
| Término indicativo de función/relación | Orador |
| 700 1# - ENTRADA AGREGADA--NOMBRE PERSONAL | |
| 9 (RLIN) | 240419 |
| Nombre de persona | Murillo Ramos, Juan José |
| Término indicativo de función/relación | Orador |
| 700 0# - ENTRADA AGREGADA--NOMBRE PERSONAL | |
| 9 (RLIN) | 98324 |
| Nombre de persona | Rodríguez Alcaide, José Javier |
| Término indicativo de función/relación | Orador |
| 700 0# - ENTRADA AGREGADA--NOMBRE PERSONAL | |
| 9 (RLIN) | 41855 |
| Nombre de persona | Cruz y Aguilar, Emilio de la |
| Término indicativo de función/relación | Orador |
| 700 ## - ENTRADA AGREGADA--NOMBRE PERSONAL | |
| 9 (RLIN) | 240214 |
| Nombre de persona | Mataix Verdú, Francisco José |
| Fechas asociadas al nombre | 1939- |
| Término indicativo de función/relación | Orador |
| 700 ## - ENTRADA AGREGADA--NOMBRE PERSONAL | |
| 9 (RLIN) | 240420 |
| Nombre de persona | Gracián Tous, Jaime |
| Término indicativo de función/relación | Orador |
| 700 1# - ENTRADA AGREGADA--NOMBRE PERSONAL | |
| 9 (RLIN) | 59588 |
| Nombre de persona | Grande Covián, Francisco, |
| Fechas asociadas al nombre | 1909-1995 |
| Término indicativo de función/relación | Orador |
| 710 2# - ENTRADA AGREGADA--NOMBRE DE ENTIDAD CORPORATIVA | |
| Nombre de entidad corporativa o nombre de jurisdicción como elemento de entrada | Ateneo de Madrid. |
| Término indicativo de función/relación | Sede |
| 9 (RLIN) | 1972 |
| Unidad subordinada | Sección de Ciencias |
| 830 #0 - PUNTO DE ACCESO ADICIONAL DE SERIE-TÍTULO UNIFORME | |
| Título uniforme | Actos culturales en el Ateneo de Madrid |
| 9 (RLIN) | 240237 |
| 852 ## - LOCALIZACIÓN | |
| Ubicación | ES-MaACL |
| Ubicación en estantería | Depósito Z |
| Designación de la unidad física | Cinta 1 |
| itemnumber | 205455 |
| 852 ## - LOCALIZACIÓN | |
| Ubicación | ES-MaACL |
| Ubicación en estantería | Depósito Z |
| Designación de la unidad física | Cinta 2 |
| itemnumber | 205456 |
| 852 ## - LOCALIZACIÓN | |
| Ubicación | ES-MaACL |
| Ubicación en estantería | Depósito Z |
| Designación de la unidad física | Cinta 3 |
| itemnumber | 205457 |
| 852 ## - LOCALIZACIÓN | |
| Ubicación | ES-MaACL |
| Ubicación en estantería | Depósito Z |
| Designación de la unidad física | Cinta 4 |
| itemnumber | 205458 |
| 852 ## - LOCALIZACIÓN | |
| Ubicación | ES-MaACL |
| Ubicación en estantería | Depósito Z |
| Designación de la unidad física | Cinta 5 |
| itemnumber | 205460 |
| 852 ## - LOCALIZACIÓN | |
| Ubicación | ES-MaACL |
| Ubicación en estantería | Depósito Z |
| Designación de la unidad física | Cinta 6 |
| itemnumber | 205461 |
| 852 ## - LOCALIZACIÓN | |
| Ubicación | ES-MaACL |
| Ubicación en estantería | Depósito Z |
| Designación de la unidad física | Cinta 7 |
| itemnumber | 205462 |
| 852 ## - LOCALIZACIÓN | |
| Ubicación | ES-MaACL |
| Ubicación en estantería | Depósito Z |
| Designación de la unidad física | Cinta 8 |
| itemnumber | 205463 |
| 942 ## - ELEMENTOS DE ENTRADA SECUNDARIOS (KOHA) | |
| Fuente del sistema de clasificación o colocación | Clasificación decimal universal |
| Suprimir en OPAC | No |
| Tipo de ítem Koha | Casete |
| Estatus retirado | Estado de pérdida | Fuente del sistema de clasificación o colocación | Especificación de materiales (volumen encuadernado u otra parte) | Estado de daño | No para préstamo | Colección | Biblioteca de origen | Biblioteca actual | Ubicación en estantería | Fecha de adquisición | Total de préstamos | Signatura topográfica completa | Código de barras | Visto por última vez | Precio de reemplazo | Tipo de ítem Koha |
|---|---|---|---|---|---|---|---|---|---|---|---|---|---|---|---|---|
| Clasificación decimal universal | Cinta 1 | Archivo de la palabra | Biblioteca del Ateneo de Madrid | Biblioteca del Ateneo de Madrid | Depósito Z | 12/05/2025 | AP/1168 | 2025-0235 | 12/05/2025 | 12/05/2025 | Casete | |||||
| Clasificación decimal universal | Cinta 2 | Archivo de la palabra | Biblioteca del Ateneo de Madrid | Biblioteca del Ateneo de Madrid | Depósito Z | 12/05/2025 | AP/1223 | 2025-0236 | 12/05/2025 | 12/05/2025 | Casete | |||||
| Clasificación decimal universal | Cinta 3 | Archivo de la palabra | Biblioteca del Ateneo de Madrid | Biblioteca del Ateneo de Madrid | Depósito Z | 12/05/2025 | AP/1224 | 2025-0237 | 12/05/2025 | 12/05/2025 | Casete | |||||
| Clasificación decimal universal | Cinta 4 | Archivo de la palabra | Biblioteca del Ateneo de Madrid | Biblioteca del Ateneo de Madrid | Depósito Z | 12/05/2025 | AP/1225 | 2025-0238 | 12/05/2025 | 12/05/2025 | Casete | |||||
| Clasificación decimal universal | Cinta 5 | Archivo de la palabra | Biblioteca del Ateneo de Madrid | Biblioteca del Ateneo de Madrid | Depósito Z | 12/05/2025 | AP/1226 | 2025-0239 | 12/05/2025 | 12/05/2025 | Casete | |||||
| Clasificación decimal universal | Cinta 6 | Archivo de la palabra | Biblioteca del Ateneo de Madrid | Biblioteca del Ateneo de Madrid | Depósito Z | 12/05/2025 | AP/1227 | 2025-0240 | 12/05/2025 | 12/05/2025 | Casete | |||||
| Clasificación decimal universal | Cinta 7 | Archivo de la palabra | Biblioteca del Ateneo de Madrid | Biblioteca del Ateneo de Madrid | Depósito Z | 12/05/2025 | AP/1228 | 2025-0241 | 12/05/2025 | 12/05/2025 | Casete | |||||
| Clasificación decimal universal | Cinta 8 | Archivo de la palabra | Biblioteca del Ateneo de Madrid | Biblioteca del Ateneo de Madrid | Depósito Z | 12/05/2025 | AP/1229 | 2025-0242 | 12/05/2025 | 12/05/2025 | Casete |
